MARC

LEADER 00000nam0a2200000 4500
001 269043
005 20240914063126.0
035 |a (RuTPU)RU\TPU\book\292199 
090 |a 269043 
100 |a 20140912d1987 m y0rusy50 ca 
101 0 |a rus 
102 |a RU 
105 |a a z 001cy 
200 1 |a Берег Пушкина  |e художественно-документальные очерки  |f Г. Д. Зленко  |g Л. Г. Медведева 
210 |a Одесса  |c Маяк  |d 1987 
215 |a 239 с.  |c ил. 
320 |a Об авторе: с. 237-238 
320 |a Примечания: с. 224-236 
600 1 |a Пушкин  |b А. С.  |c российский поэт  |c писатель  |f 1799-1837  |g Александр Сергеевич  |7 ca  |8 rus  |2 stltpush  |3 (RuTPU)RU\TPU\pers\1026  |9 453 
610 1 |a литературоведение 
610 1 |a русская литература 
610 1 |a русские писатели 
610 1 |a русские поэты 
610 1 |a 19 век 
675 |a 8Р1  |v 3 
700 1 |a Зленко  |b Г. Д.  |g Григорий Демьянович  |4 070 
702 1 |a Медведева  |b Л. Г.  |4 040 
801 1 |a RU  |b 63413507  |c 20140912 
942 |c BK